| 000 | 00556cam a22002291 4500 | ||
|---|---|---|---|
| 001 | sa 65007529 | ||
| 003 | DLC | ||
| 005 | 20260227112149.0 | ||
| 008 | 940602s1965 pk 000 1 urdo | ||
| 010 | _asa 65007529 | ||
| 025 | _aPL480:P-U-1219 | ||
| 035 | _a(OCoLC)30538296 | ||
| 040 |
_aDLC _cCU _dCU _dDLC |
||
| 042 | _apremarc | ||
| 050 | 0 | 0 |
_aPK2200.H342 _bV55 |
| 100 | 1 |
_aHamid, Abdul, _d1928-2011. |
|
| 245 | 1 | 0 | _aVīrān maḥal. |
| 260 | _c[1965] | ||
| 300 |
_a263 p. _c19 cm. |
||
| 500 | _aIn Urdu. | ||
| 500 | _aText partially vocalized. | ||
| 999 |
_c65183 _d65183 |
||